000 00309nam a2200121Ia 4500
008 190216s9999||||xx |||||||||||||| ||und||
100 _aMir Najabat Ali
245 0 _aInventions That Changed The World
260 _bNational Book Trust India
_c1972
300 _a63p
650 _aEnglish Stories
942 _cBK
999 _c13104
_d13104